The life of Paul. (Record no. 5182)

000 -LEADER
fixed length control field 00560nam a2200181 a 4500
001 - CONTROL NUMBER
control field :::00002923$&:&@@
003 - CONTROL NUMBER IDENTIFIER
control field OkBaRHE
005 - DATE AND TIME OF LATEST TRANSACTION
control field 20000607103258.0
008 - FIXED-LENGTH DATA ELEMENTS--GENERAL INFORMATION
fixed length control field s1966 j 000 0 eng u
040 ## - CATALOGING SOURCE
Transcribing agency
100 1# - MAIN ENTRY--PERSONAL NAME
Personal name Robinson, Benjamin Willard, 1883-
245 14 - TITLE STATEMENT
Title The life of Paul.
260 ## - PUBLICATION, DISTRIBUTION, ETC. (IMPRINT)
Place of publication, distribution, etc Chicago, IL., :
Name of publisher, distributor, etc The University of Chicago Press
Date of publication, distribution, etc c1966
300 ## - PHYSICAL DESCRIPTION
Extent 268 p. : map ;
Dimensions 22 cm.
650 ## - SUBJECT ADDED ENTRY--TOPICAL TERM
Topical term or geographic name as entry element Paul, Saint, Apostle
942 ## - ADDED ENTRY ELEMENTS (KOHA)
Source of classification or shelving scheme
Koha item type Books
Copies
Full call number Withdrawn status Price effective from Lost status Copy number Source of classification or shelving scheme Koha item type Permanent Location Date acquired Date last seen Date checked out Total Renewals Damaged status Total Checkouts Shelving location Barcode Current Location Not for loan
BS 2505 .R6 2010-04-14 1 BooksRHEMA Bible Training College2010-04-142020-10-122020-09-111 1General Stacks2923RHEMA Bible Training College